000 00748nam a2200181 i 4500
001 24563
003 ES-MaACL
005 20231221191845.0
007 t|
008 021217s1910 sp ||||1| spa d
100 1 _aAntón y Ferrándiz, Manuel,
_d1849-1929
_921958
245 1 4 _aLos orígenes étnicos de las nacionalidades libio-ibéricas /
_cpor Manuel Antón y Ferrándiz.
260 _aMadrid :
_b[s.n.],
_c1910 (
_fEduardo Arias)
300 _a19 p. :
_bil. ;
_c24 cm.
500 _aEs el discurso inaugural de la sección 4ª de Ciencias Naturales del 2º Congreso Español para el Progeso de las Ciencias, según consta al principio del texto.
852 _aES-MaACL
_jL-4911 (18-5)
999 _c24563
_d24563